000 01541nam0a2200361 4500
001 RU\NLR\bibl\77961
005 20250616102642.0
010 _a5-7331-0124-5
_91000
021 _aRU
_b1998-50734
_92444
035 _a(NLR Aleph) 000076115
090 _a421955
_c421955
100 _a20000331d1998 |||y0rusy50 ca
101 1 _arus
_aeng
_ceng
102 _aRU
105 _ay |||||||||
200 1 _aДжойс и Россия
_fНил Корнуэлл
_g[Пер. с англ. О.Н. Сажиной]
210 _aСПб.
_cАкадем. проект
_d1998
215 _a188,[4] с.
_d22
225 1 _aСовременная западная русистика
_fРедкол.: Б.Ф. Егоров (пред.) и др.
300 _aПер. изд.: James Joyce and the Russians/Neil Cornwell.- Basingstoke; London,1992
320 _aБиблиогр.: с. 139-164 и в тексте
320 _aБиблиогр. в прим.: с. 173-174 (15 назв.)
320 _aИмен. указ. в конце кн.
454 0 _12001#$aJames Joyce and the Russians$fNeil Cornwell
_1210##$aBasingstoke$aLondon$cLTD$d1992
_tJames Joyce and the Russians
600 1 _aДжойс
_bД.
_f1882 - 1941
_gДжеймс
_xи русская литература
_91229891
_3RU\NLR\auth\66501418
686 _aШ5(4И)16-4Джойс 418.3
700 1 _aКорнуэлл
_bН.
_gНил
_4070
801 0 _aRU
_bNLR
_c20000331
_gPSBO
801 1 _aRU
_bNLR
_c20000331
852 _aNLR
_j2000-5/121
942 _cBOOK
980 _aNB